Statistics for Lucid Dreams-Juice Wrld

Click here to take the quiz!

General Stats

  • This quiz has been taken 609 times
  • The average score is 62 of 75

Answer Stats

Lyrics% Correct
I
100%
i
100%
the
95%
you
91%
Can't
91%
my
91%
in
90%
love
88%
take
88%
room
88%
where
88%
shadows
88%
see
88%
still
88%
back
86%
that
86%
gave
86%
to
85%
and
84%
hate
83%
your
83%
point
82%
It's
81%
then
80%
one
79%
were
79%
replace
79%
heart
76%
thought
76%
done
76%
said
76%
of
75%
Easier
75%
must
74%
so
74%
cannot
74%
change
74%
me
73%
instead
72%
Listening
72%
better
69%
forget
69%
but
66%
let
66%
another
65%
am
64%
won't
64%
found
63%
No
52%

Score Distribution

Percentile by Number Answered

Percent of People with Each Score

Your Score History

You have not taken this quiz